Agostino /
Salvato in:
| Autore principale: | |
|---|---|
| Natura: | Libro |
| Lingua: | italiano |
| Pubblicazione: |
Milano :
Gruppo edtoriale Fabbri, Bompiani, Etas Spa,
1988
|
| Edizione: | 9. ed |
| Tags: |
Nessun Tag, puoi essere il primo ad aggiungerne!!
|
MARC
| LEADER | 00000nam a22000007i 4500 | ||
|---|---|---|---|
| 001 | IT\ICCU\LIG\0075686 | ||
| 003 | ItRI | ||
| 005 | 20250429113841.0 | ||
| 008 | 100518s1988 it |||||| ||||| |||||c | ||
| 040 | |b ita |c Arcigay Queer VdA | ||
| 041 | 7 | |a ita |2 ISO-639-2 | |
| 100 | 1 | |a Moravia, Alberto |0 IT\ICCU\CFIV\000648 |4 aut | |
| 240 | 1 | 0 | |a Agostino |9 Moravia, Alberto |
| 245 | 1 | 0 | |a Agostino / |c Alberto Moravia. |
| 250 | |a 9. ed | ||
| 260 | |a Milano : |b Gruppo edtoriale Fabbri, Bompiani, Etas Spa, |c 1988 | ||
| 300 | |a 140 p. ; |c 19 cm. | ||
| 942 | |2 ddc |c BK | ||
| 952 | |0 0 |1 0 |2 ddc |4 0 |6 853_914000000000000_MOR_AGO |7 1 |9 4056 |a AO |b AO |d 2025-04-29 |l 0 |o 853.914 MOR AGO |p 11241 |r 2025-04-29 11:39:37 |w 2025-04-29 |x Di proprietà di Giulio Gasperini |y BK | ||
| 981 | 1 | |6 z01 |a i |b xxxe | |
| 982 | 1 | |6 z01 |a n | |
| 999 | |c 3144 |d 3144 | ||